El primer naufragio (Registro nro. 182788)

Detalles MARC
000 -ENCABEZADO
Número de control [NR] 00924nam a22002417a 4500
005 - FECHA Y HORA DE LA ÚLTIMA TRANSACCIÓN
control field 20140903174956.0
008 - DE LONGITUD FIJA DE DATOS DE ELEMENTOS - INFORMACIÓN GENERAL
Elementos de longitud fija [NR] 131209s2011 sp ao frn 001 0dspa c
020 ## - NUMERO INTERNACIONAL NORMALIZADO PARA LIBROS [R]
Número Internacional Normalizado del libro [NR] 9788499700809
040 ## - FUENTE DE CATALOGACION [NR]
Agencia de catalogación original [NR] CO-BoUCM
Idioma de catalogación [NR] spa
Quien Cataloga
Quien Clasifica Aldemar Mondragón
041 00 - CODIGO DE IDIOMA [R]
Código de idioma para texto/pista de sonido o título separado [R] Español
100 1# - ASIENTO PRINCIPAL--NOMBRE PERSONAL [NR]
Nombre personal [NR] Ramírez, Pedro J.
ID Autoridad 52503
245 13 - MENCION DE TITULO [NR]
Título [NR] El primer naufragio
Mención de responsabilidad, etc. [NR] Pedro J. Ramírez
260 ## - PUBLICACION, DISTRIBUCION, ETC. (PIE DE IMPRENTA) [R]
Lugar de publicación, distribución, etc. [R] Madrid (España)
Nombre del editor, distribuidor, etc. [R] La Esfera de los Libros
Fecha de publicación, distribución, etc. [R] 2011
300 ## - DESCRIPCION FISICA [R]
Extensión [R] 1296 páginas
Otros detalles físicos [NR] ilustraciones y fotografías a color
504 ## - NOTA DE BIBLIOGRAFIA, ETC. [R]
Nota de bibliografía, etc. [NR] Incluye referencias bibliográficas e índices
600 14 - ASIENTO SECUNDARIO DE MATERIA - NOMBRE PERSONAL [R]
Nombre personal [NR] Danton, Georges Jacques
Fechas asociadas con el nombre [NR] 1759-1794
9 (RLIN) 52827
600 14 - ASIENTO SECUNDARIO DE MATERIA - NOMBRE PERSONAL [R]
Nombre personal [NR] Marat, Jean-Paul
Fechas asociadas con el nombre [NR] 1743-1793
9 (RLIN) 52828
600 14 - ASIENTO SECUNDARIO DE MATERIA - NOMBRE PERSONAL [R]
Nombre personal [NR] Robespierre, Maximilien
Fechas asociadas con el nombre [NR] 1758-1794
9 (RLIN) 52826
651 #4 - ASIENTO SECUNDARIO DE MATERIA - NOMBRE GEOGRAFICO [R]
Nombre geográfico [NR] Francia
Subdivisión general [R] Historia
Subdivisión cronológica [R] 1792-1795 (Convención nacional)
9 (RLIN) 52504
690 ## - ASUNTO AGREGADO LOCAL DE ENTRADA - TÉRMINO TEMÁTICO (OCLC, RLIN)
Acceso temático local Historia de Europa
942 ## - ELEMENTOS DE ENTRADA AGREGADOS (KOHA)
Tema principal Historia
Tipo de ítem principal el descrito en 300a Libro
Edición 1
Parte restante de la signatura top. R173n
Sistema de clasificación DEWEY
Clasificación 944.04
Existencias
Fecha de último préstamo Total préstamos Total Renewals Signatura topográfica Código de barras Última vez visto Ejemplar Costo de reposición Price effective from Tipo de ítem Perdido Sistema de clasificación Dañado No prestable Tipo de ítem específico Suprimido Ubicación habitual Ubicación actual Localización Fecha de creación Proveedor Forma de adquisición Costo
06/09/2018 2 1 944.04 R173n 100139092 09/12/2025 Ej.1 120500.00 19/11/2013 Libro   DEWEY     Libro   Claustro Claustro 2do piso 19/11/2013 15 Compra 120500.00